[Event "Asian Cities-chT"]
[Site "Khanty-Mansiysk"]
[Date "2024.04.28"]
[Round "8.3"]
[White "Zahedifar, Anahita"]
[Black "Al Ali, Hussein Ali Hussein"]
[Result "1-0"]
[WhiteElo "1991"]
[BlackElo "2205"]
[PlyCount "91"]
[EventDate "2024.04.21"]
[EventType "team-swiss"]
[EventRounds "9"]
[EventCountry "RUS"]
[SourceTitle "CB18_2024"]
[SourceDate "2024.05.01"]
[SourceVersion "1"]
[SourceVersionDate "2024.05.01"]
[SourceQuality "2"]
[WhiteTeam "Tehran (W)"]
[BlackTeam "Baghdad"]
[WhiteTeamCountry "IRI"]
[BlackTeamCountry "IRQ"]

1. d4 Nf6 2. Nf3 c5 3. g3 cxd4 4. Nxd4 d5 5. Bg2 e5 6. Nb3 Nc6 7. 0-0 h6 8. c3 Be7 9. a4 0-0 10. a5 Be6 11. Be3 Qc8 12. Bc5 Rd8 13. N1d2 Bh3 14. Nf3 Bxg2 15. Kxg2 Qe6 16. e3 Rac8 17. Bxe7 Qxe7 18. Qe2 a6 19. Rfd1 Rc7 20. Rac1 Rcd7 21. c4 d4 22. exd4 e4 23. Nh4 Qb4 24. Qe3 Ng4 25. Qc3 e3 26. f3 Nf2 27. Rf1 Qxc3 28. bxc3 g6 29. Rce1 Re7 30. d5 Nd3 31. Re2 Nce5 32. Rxe3 Ree8 33. Nd2 Kf8 34. f4 Ng4 35. Rxd3 Ne3+ 36. Kf2 Nxf1 37. Kxf1 Rc8 38. Rd4 Re3 39. Ne4 Re8 40. Nf6 Rd8 41. Ne4 Re8 42. Nc5 Re1+ 43. Kg2 R8e2+ 44. Kh3 h5 45. d6 Rh1 46. Nf3 1-0

[Event "Caspian Cup 19th"]
[Site "Rasht"]
[Date "2023.02.13"]
[Round "2"]
[White "Tahbaz, Arash"]
[Black "Zahedifar, Anahita"]
[Result "1-0"]
[WhiteElo "2454"]
[BlackElo "2080"]
[PlyCount "79"]
[EventDate "2023.02.12"]
[EventType "swiss"]
[EventRounds "9"]
[EventCountry "IRI"]
[SourceTitle "EXT 2024"]
[Source "ChessBase"]
[SourceDate "2023.10.10"]
[SourceVersion "1"]
[SourceVersionDate "2023.10.10"]
[SourceQuality "1"]

1. c4 e6 2. Nf3 d5 3. g3 Nf6 4. Bg2 dxc4 5. Qa4+ c6 6. Qxc4 b5 7. Qc2 Bb7 8. 0-0 Be7 9. d4 Nbd7 10. Nc3 0-0 11. Bg5 Rc8 12. Ne5 h6 13. Nxd7 Nxd7 14. Bxe7 Qxe7 15. Rac1 Ba8 16. Rfd1 f5 17. a4 Qb4 18. axb5 cxb5 19. Bxa8 Rxa8 20. d5 e5 21. d6 Rac8 22. Ra1 a5 23. Qd3 Qxb2 24. Nxb5 Rc5 25. Rdb1 e4 26. Rxb2 exd3 27. Rxa5 Rb8 28. exd3 Ne5 29. Nc3 Rxa5 30. Rxb8+ Kf7 31. Rb7+ Ke6 32. Rxg7 Kxd6 33. d4 Nf3+ 34. Kg2 Nxd4 35. Rg6+ Kc5 36. Rxh6 Ra1 37. Rh8 Kc4 38. Rc8+ Kd3 39. Nd5 Ke4 40. Nf4 1-0

[Event "Sharjah Cup (Women) 12th"]
[Site "Sharjah"]
[Date "2022.12.12"]
[Round "5"]
[White "Maksimovic, Suzana"]
[Black "Zahedifar, Anahita"]
[Result "1/2-1/2"]
[WhiteElo "2127"]
[BlackElo "2072"]
[PlyCount "64"]
[EventDate "2022.12.09"]
[EventType "swiss"]
[EventRounds "9"]
[EventCountry "UAE"]
[SourceTitle "CBM 211 Extra"]
[Source "ChessBase"]
[SourceDate "2023.01.31"]
[SourceVersion "1"]
[SourceVersionDate "2023.01.31"]
[SourceQuality "1"]

1. Nf3 d5 2. g3 Nd7 3. d4 Nb6 4. Bg2 Bf5 5. a4 a5 6. Nc3 e6 7. 0-0 Nf6 8. Nh4 Bg4 9. h3 Bh5 10. Qd3 Be7 11. g4 Nfd7 12. gxh5 Bxh4 13. e4 c6 14. exd5 Nxd5 15. Ne4 N7f6 16. c4 Ne7 17. Bf4 Nf5 18. d5 cxd5 19. Nxf6+ Qxf6 20. cxd5 0-0 21. dxe6 Rad8 22. Qe4 fxe6 23. Be5 Qg5 24. Qg4 Nd4 25. Qxg5 Bxg5 26. Rfd1 Bh4 27. Bg3 Bf6 28. Bxb7 e5 29. Kg2 Rb8 30. Bd5+ Kh8 31. b3 Ne2 32. Bc4 Nxg3 1/2-1/2

[Event "Asia-ch U20 Girls"]
[Site "Tagaytay City"]
[Date "2022.11.25"]
[Round "9"]
[White "Bach, Ngoc Thuy Duong"]
[Black "Zahedifar, Anahita"]
[Result "1-0"]
[WhiteElo "2164"]
[BlackElo "2121"]
[PlyCount "101"]
[EventDate "2022.11.19"]
[EventType "swiss"]
[EventRounds "9"]
[EventCountry "PHI"]
[SourceTitle "CBM 211 Extra"]
[Source "ChessBase"]
[SourceDate "2023.01.31"]
[SourceVersion "1"]
[SourceVersionDate "2023.01.31"]
[SourceQuality "1"]

1. d4 d5 2. c4 e6 3. Nc3 a6 4. cxd5 exd5 5. Nf3 c6 6. Qc2 Bd6 7. Bg5 Ne7 8. e3 f6 9. Bh4 Bf5 10. Bd3 Bxd3 11. Qxd3 0-0 12. Bg3 Re8 13. Rc1 a5 14. 0-0 Bxg3 15. hxg3 Nd7 16. Na4 Nc8 17. Nd2 Nd6 18. f3 b5 19. Rxc6 Nc4 20. Nc3 Rxe3 21. Qc2 Ndb6 22. Nxc4 Nxc4 23. Rc5 Qe8 24. b3 Nb6 25. Nxb5 Re2 26. Qd3 Re3 27. Qd2 Re2 28. Qc1 Qg6 29. Nc3 Rc2 30. Qd1 Rc8 31. Rxc8+ Nxc8 32. Qe1 Kf7 33. Nxd5 Qd3 34. Nf4 Qxd4+ 35. Kh2 Qe5 36. Qd1 Rc7 37. Re1 Qc5 38. Qd3 g6 39. Qd8 Re7 40. Rxe7+ Nxe7 41. Qh8 h5 42. Qh7+ Ke8 43. Nxg6 Nxg6 44. Qxg6+ Ke7 45. Qe4+ Kf8 46. a4 Kg7 47. Qc4 Qd6 48. f4 Qd2 49. Qe6 Qb4 50. Qd7+ Kh6 51. Qf7 1-0

[Event "Olympiad Women-44"]
[Site "Chennai"]
[Date "2022.07.29"]
[Round "1.3"]
[White "Zahedifar, Anahita"]
[Black "Saraci, Nita"]
[Result "1-0"]
[WhiteElo "2160"]
[BlackElo "1555"]
[PlyCount "95"]
[EventDate "2022.07.29"]
[EventType "team-swiss"]
[EventRounds "11"]
[EventCountry "IND"]
[SourceTitle "CBM 210"]
[Source "ChessBase"]
[SourceDate "2022.10.31"]
[SourceVersion "1"]
[SourceVersionDate "2022.10.31"]
[SourceQuality "1"]
[WhiteTeam "Iran (W)"]
[BlackTeam "Kosovo (W)"]
[WhiteTeamCountry "IRI"]
[BlackTeamCountry "KOS"]

1. d4 d5 2. c4 Nc6 3. cxd5 Qxd5 4. e3 Nf6 5. Nc3 Qd8 6. Nf3 e6 7. Bc4 Bb4 8. 0-0 Bxc3 9. bxc3 0-0 10. Qc2 Ne7 11. e4 Ng6 12. Rd1 c6 13. a4 Qc7 14. Bg5 Nh5 15. e5 c5 16. Rac1 b6 17. Qe4 Bb7 18. Qg4 Bxf3 19. gxf3 h6 20. Be3 cxd4 21. cxd4 Nxe5 22. dxe5 Qxe5 23. Bd4 Qg5 24. h4 Qxg4+ 25. fxg4 Nf4 26. Be5 Ng6 27. Bg3 Rac8 28. h5 Ne7 29. Bd6 Rfd8 30. f3 Kh8 31. Kf2 Ng8 32. Rd4 Nf6 33. Rcd1 Ne8 34. Bf4 Rxd4 35. Rxd4 Nf6 36. Be5 Ng8 37. Ba6 Rc2+ 38. Kg3 Rc5 39. Bd6 Rd5 40. Rxd5 exd5 41. Bb8 Nf6 42. Bxa7 Nd7 43. Bb5 Nc5 44. Bxb6 Nb7 45. Bc6 Nd6 46. a5 Kg8 47. a6 Nc8 48. Bd4 1-0

[Event "Titled Tuesday intern op 07th Jun Early"]
[Site "Chess.com INT"]
[Date "2022.06.07"]
[Round "8"]
[White "Zahedifar, Anahita"]
[Black "Redzisz, Michal"]
[Result "1-0"]
[WhiteElo "2160"]
[BlackElo "2236"]
[PlyCount "77"]
[EventDate "2022.06.07"]
[EventType "swiss (blitz)"]
[EventRounds "11"]
[EventCountry "USA"]
[SourceTitle "CBM 208 Extra"]
[Source "ChessBase"]
[SourceDate "2022.07.31"]
[SourceVersion "1"]
[SourceVersionDate "2022.07.31"]
[SourceQuality "1"]

1. d4 Nf6 2. c4 c5 3. d5 e6 4. Nc3 exd5 5. cxd5 d6 6. e4 g6 7. f4 Bg7 8. Nf3 0-0 9. Be2 Re8 10. e5 dxe5 11. fxe5 Ng4 12. e6 fxe6 13. Bg5 Qb6 14. Qd2 exd5 15. Nxd5 Qc6 16. Ne7+ Rxe7 17. Bxe7 Nd7 18. 0-0 b6 19. Bc4+ Kh8 20. Bd5 Qb5 21. Bxa8 Ba6 22. Ng5 Bd4+ 23. Kh1 Qxf1+ 24. Rxf1 Bxf1 25. Nh3 Kg7 26. Qe1 Ne3 27. Qh4 h6 28. Nf4 Nf5 29. Qe1 Bb5 30. Ne6+ Kf7 31. Nxd4 cxd4 32. Bd5+ Kg7 33. Bd6 Ne3 34. Be6 Nf6 35. Be5 Neg4 36. Bxd4 Kh7 37. Bxg4 Nxg4 38. Qe7+ Kg8 39. Qg7# 1-0

[Event "IRI-ch (Women)"]
[Site "Kermanshah"]
[Date "2022.03.05"]
[Round "9"]
[White "Heydari, Maryam"]
[Black "Zahedifar, Anahita"]
[Result "0-1"]
[WhiteElo "1684"]
[BlackElo "2213"]
[PlyCount "98"]
[EventDate "2022.02.28"]
[EventType "tourn"]
[EventRounds "11"]
[EventCountry "IRI"]
[SourceTitle "EXT 2023"]
[Source "ChessBase"]
[SourceDate "2022.10.05"]
[SourceVersion "1"]
[SourceVersionDate "2022.10.05"]
[SourceQuality "1"]

1. e4 c6 2. Nc3 d5 3. d4 dxe4 4. Nxe4 Bf5 5. Ng3 Bg6 6. Nf3 Nd7 7. Nh4 e6 8. Nxg6 hxg6 9. Bd3 Qc7 10. c3 Ngf6 11. Qf3 Bd6 12. Be3 0-0-0 13. 0-0-0 Qa5 14. Kb1 Nb6 15. Ne4 Nxe4 16. Bxe4 Rd7 17. Bf4 Bxf4 18. Qxf4 Rhd8 19. Bf3 Qb5 20. Rhe1 Nc4 21. Qc1 Qb6 22. Be2 Nd6 23. Qf4 Ne8 24. Bf3 Nc7 25. h3 a5 26. Qe5 f6 27. Qc5 Qxc5 28. dxc5 Rxd1+ 29. Rxd1 Na6 30. Rxd8+ Kxd8 31. Kc2 Kc7 32. a3 Nxc5 33. b4 axb4 34. axb4 Nd7 35. c4 b6 36. Kc3 g5 37. Be2 Kd6 38. g3 Ne5 39. Bd1 c5 40. b5 f5 41. g4 Ng6 42. Be2 Ke5 43. Bf1 Nf4 44. f3 g6 45. Kc2 Kd4 46. Kd2 e5 47. gxf5 gxf5 48. Be2 Nxe2 49. Kxe2 Kxc4 0-1

[Event "Asian Online (Women)"]
[Site "Tornelo INT"]
[Date "2021.08.24"]
[Round "5"]
[White "Sihite, Chelsie Monica"]
[Black "Zahedifar, Anahita"]
[Result "0-1"]
[WhiteElo "2252"]
[BlackElo "2213"]
[PlyCount "88"]
[EventDate "2021.08.23"]
[EventType "swiss (rapid)"]
[EventRounds "9"]
[EventCountry "NET"]
[SourceTitle "CBM 204 Extra"]
[Source "ChessBase"]
[SourceDate "2021.11.30"]
[SourceVersion "1"]
[SourceVersionDate "2021.11.30"]
[SourceQuality "1"]

1. c4 c6 2. g3 d5 3. cxd5 cxd5 4. Bg2 Nc6 5. Nf3 Nf6 6. 0-0 g6 7. d4 Bg7 8. Nc3 0-0 9. Bf4 Bf5 10. Rc1 Ne4 11. h3 Qd7 12. g4 Nxc3 13. Rxc3 Be4 14. Ne5 Nxe5 15. dxe5 Bxg2 16. Kxg2 d4 17. e4 Rfd8 18. Rc5 Qe6 19. Qa4 b6 20. Rc6 Qd7 21. Rfc1 d3 22. Qd1 Qd4 23. R6c4 Qxb2 24. e6 fxe6 25. g5 Bd4 26. Qg4 Qxf2+ 27. Kh1 e5 28. Bg3 Qf7 29. Rc7 Be3 30. Rd1 Bxg5 31. Bxe5 Bf6 32. Bg3 Qxa2 33. Rd7 Rxd7 34. Qxd7 Qe2 35. Re1 Qf3+ 36. Kh2 Rf8 37. Qxa7 Kh8 38. Qa3 Rc8 39. Rc1 Qe2+ 40. Kh1 Qxe4+ 41. Kh2 Qe2+ 42. Kh1 Rxc1+ 43. Qxc1 d2 44. Qc8+ Kg7 0-1